| 000 | 00514nam a2200181Ia 4500 | ||
|---|---|---|---|
| 999 |
_c25288 _d25288 |
||
| 003 | OSt | ||
| 005 | 20260305114706.0 | ||
| 008 | 190216s9999||||xx |||||||||||||| ||und|| | ||
| 020 | _a8122603432 | ||
| 040 | _coclc | ||
| 082 |
_a894.8123 _bNAI/K |
||
| 100 | 1 |
_aVāsudēvan Nāyar, Eṃ. Ti., _d1933- _99426 |
|
| 245 | 0 |
_aKalam / _cM T Vasudevan Nair |
|
| 260 |
_bCurrent Books, _aThrissur: _c2003. |
||
| 300 | _a277p | ||
| 650 | _aNovel | ||
| 942 |
_cBK _2ddc _h894.8123 _iNAI/K _k894.8123 _mNAI/K |
||